000 00344nam a22001337a 4500
003 SGT
020 _a9788179104835
082 _a371.9,GOE
100 _aGOEL,SUSHIL KUMAR
245 _aENCYCLOPEDIC DICTIONARY OF SPECIAL EDUCATION AND REHABILITATION TECHONOLOGY
260 _aJAIPUR
_bAAVISHKAR PUB.
_c2017
300 _a291
942 _2ddc
_cBK
999 _c33604
_d33604